Gaming Quiz

Random Gaming or Pokémon Quiz

The Big Video Game Music Quiz (Audio) Stats

 Plays Quiz not verified by Sporcle

Also try: UNO Cards
Challenge
Share
Tweet
Score 0/90 Timer 20:00
0 Plays Today
Timestamp Game % Correct
0:00-0:09Minecraft
67.5%
0:17-0:23Pokemon (Red/Blue)
65.7%
0:58-1:09Mario Kart 8
61%
8:18-8:28Super Mario 64
56.9%
13:26-13:32Super Smash Bros Brawl
56.4%
4:02-4:09Super Mario World
55.3%
1:09-1:19Final Fantasy IX
54.3%
12:15-12:25Chrono Trigger
48.8%
0:09-0:17Sonic the Hedgehog 3
48.1%
5:48-5:57Super Metroid
40.8%
13:05-13:16Banjo-Tooie
37.9%
0:31-0:39Chrono Cross
37.7%
7:37-7:47Undertale
37.1%
6:37-6:51Final Fantasy XII
36.6%
13:32-13:45PaRappa the Rapper
36.6%
2:18-2:25F-Zero GX
34.3%
12:01-12:15Bayonetta
34.3%
9:06-9:16Donkey Kong Country 2: Diddy's Kong Quest
33.5%
10:37-10:46Sonic Adventure 2
31.7%
10:13-10:28Fire Emblem: Awakening
30.9%
4:51-5:00Xenoblade Chronicles
29.9%
12:25-12:38The Legend of Zelda: Twilight Princess
29.9%
11:05-11:15Kingdom Hearts 2
29.4%
3:49-4:02Metal Gear Solid 2
29.1%
9:52-10:04Splatoon
28.6%
3:40-3:49The Elder Scrolls V: Skyrim
27.8%
3:30-3:40Silent Hill 2
27.3%
8:54-9:06Okami
27.3%
10:04-10:13Shovel Knight
25.2%
1:54-2:03Katamari Damacy
24.7%
Timestamp Game % Correct
2:25-2:34Dance Dance Revolution 3rdMIX
24.7%
4:30-4:38Hotline Miami
23.4%
6:51-7:01Bastion
23.1%
13:54-14:05Starfox 64
23.1%
9:26-9:39Dark Souls
22.9%
14:35-14:45The World Ends With You
21.6%
11:28-11:39Assassin's Creed: Brotherhood
21.3%
11:50-12:01Streets of Rage 2
21%
8:28-8:43Danganronpa
20.3%
9:39-9:52Ace Attorney: Apollo Justice
20.3%
5:00-5:14Rayman
18.4%
9:16-9:26NieR
18.4%
11:39-11:50Paper Mario: The Thousand-Year Door
18.4%
8:06-8:18Persona Q
17.9%
7:22-7:29Plants vs. Zombies
16.4%
5:14-5:24The Stanley Parable
16.1%
2:52-3:03Crypt of the Necrodancer
15.6%
3:03-3:10FTL
15.1%
5:24-5:33Jet Grind Radio
15.1%
6:25-6:37Hearthstone
15.1%
0:23-0:31Disgaea
14.8%
4:38-4:51Street Fighter Alpha 2
14.8%
6:16-6:25Soul Calibur II
14.3%
12:38-12:48No More Heroes
14%
12:57-13:05Mass Effect
13.2%
14:25-14:35Kirby's Epic Yarn
12.2%
7:29-7:37Professor Layton vs. Phoenix Wright: Ace Attorney
11.9%
10:46-10:57Xenogears
11.7%
10:57-11:05The Witcher III: Wild Hunt
11.7%
13:45-13:54Trauma Center: Second Opinion
11.4%
Timestamp Game % Correct
6:08-6:16Mario Golf
11.2%
7:01-7:10Fez
11.2%
10:28-10:37Marvel vs. Capcom 3
11.2%
4:09-4:17Valkyria Chronicles
10.4%
14:05-14:16Transistor
10.1%
14:45-14:55After Burner
9.6%
2:43-2:52Lemmings
9.4%
1:19-1:28Nights: Journey of Dreams
9.1%
5:33-5:40Lost Odyssey
9.1%
1:44-1:54Journey
8.6%
11:15-11:28Dustforce
8.6%
2:10-2:18The Magical Quest Starring Mickey Mouse
8.3%
12:48-12:57Shin Megami Tensei IV
8.3%
14:16-14:25Super Monkey Ball 2
7.8%
8:43-8:54Ristar
7.5%
0:48-0:58Pilotwings 64
6.5%
4:17-4:30Tropico 4
6%
5:40-5:48Borderlands 2
5.5%
13:16-13:26Skullgirls
5.5%
7:10-7:22Panzer Dragoon
5.2%
0:39-0:48Ace Combat 5
4.7%
2:03-2:10Ori and the Blind Forest
4.4%
3:10-3:23Snowboard Kids
3.9%
7:56-8:06Nidhogg
3.6%
5:57-6:08SimCity 3000
3.1%
1:38-1:44Stunt Race FX
2.6%
2:34-2:43Divekick
2.1%
1:28-1:38Destiny
1.8%
3:23-3:30Hand of Fate
1.8%
7:47-7:56Okage
1%

You're not logged in!

Compare scores with friends on all Sporcle quizzes.
Join for Free
OR
Log In

You Might Also Like...

Show Comments

Extras

Top Quizzes Today


Score Distribution

Your Account Isn't Verified!

In order to create a playlist on Sporcle, you need to verify the email address you used during registration. Go to your Sporcle Settings to finish the process.

Report this User

Report this user for behavior that violates our Community Guidelines.

Details: